| 000 | 01292cam a22003851i 4500 | ||
|---|---|---|---|
| 999 |
_c200449140 _d67352 |
||
| 001 | 200449140 | ||
| 003 | TR-AnTOB | ||
| 005 | 20220625204915.0 | ||
| 007 | ta | ||
| 008 | 220625s1972 tu 000 0 tur d | ||
| 010 | _a 73209697 | ||
| 035 | _a(OCoLC)946539 | ||
| 040 |
_aDLC _beng _erda _cN _dDLC _dTR-AnTOB |
||
| 041 | 0 | _atur | |
| 042 | _apremarc | ||
| 050 | 0 | 0 |
_aHD8616 _b.T35 1972 |
| 090 |
_aTOBBK HD8616 _b.T35 1972 |
||
| 100 |
_aTalas, Cahit _eauthor _9104397 |
||
| 245 | 1 | 0 |
_aSosyal ekonomi / _bProf. Dr. Cahit Talas. |
| 250 | _aGözden geçirilmiş ve yenilenerek genişletilmiş 3. basi. | ||
| 264 | 3 |
_aAnkara : _bSevinç Matbaasi, _c1972. |
|
| 300 |
_axxxi, 648 pages ; _c25 cm |
||
| 336 |
_atext _btxt _2rdacontent |
||
| 337 |
_aunmediated _bn _2rdamedia |
||
| 338 |
_avolume _bnc _2rdacarrier |
||
| 490 | 0 |
_aAnkara Üniversitesi Siyasal Bilgiler Fakültesi yayinlari, _vno. 337 |
|
| 500 | _aFirst ed. published in 1955 under title: İçtimai iktisat dersleri; 2d ed. published in 1961 under title: İçtimai iktisat. | ||
| 500 | _aSET: For holdings consult librarian. | ||
| 504 | _aBIB | ||
| 650 | 0 |
_aLabor policy _zTurkey. |
|
| 650 | 7 |
_aÇalışma politikası _2etuturkob _992497 |
|
| 942 |
_2z _cBK |
||